011750000a22002530004500003001100000005001700011008004100028020001500069040003900084041000800123082001500131100001500146245009800161260004500259300004500304490002900349520029100378650002900669650002400698856009000722942000700812952008900819999001300908LK-CoMWRAF20240203101543.0230817t1999 ||||| |||| 00| 0 eng d a0850925959 aLK-CoMWRAFdLK-CoMWRAFeLK-CoMWRAF aeng a305.3bBEC aBeck, Tony aUsing gender-sensitive indicators:ba reference manual for governments and other stakeholders aLondon:bCommonwealth Secretariat,c1999 a 64 pages ; 30 cmbBibliography included aGender Management System aThis is one of the sectoral guides which help to make up the Gender Management System (GMS) resource kit. GMS is an innovative system developed by the Commonwealth Secretariat for gender mainstreaming. This guide deals with the matter of gender-sensitive indicators and how to use them. aGENDER-Social indicators a Sex discrimination uhttps://www.thecommonwealth-ilibrary.org/index.php/comsec/catalog/view/1062/1058/9441 cBK 00104070aMAINbMAINd2023-08-17l0o305.3 BECpRAF423r2023-08-17w2023-08-17yBK c369d369